| 000 | 00490cam a22001691 4500 | ||
|---|---|---|---|
| 001 | 1228174 | ||
| 005 | 20251105174547.0 | ||
| 008 | 731207s1968 nyuab b 000 0 eng | ||
| 050 | 0 | 0 |
_aT11 _b.M56 |
| 082 | 0 | 0 | _a808/.066 |
| 100 | 1 |
_aMitchell, John Howard, _d1921- |
|
| 245 | 1 | 0 |
_aWriting for professional and technical journals _c[by] John H. Mitchell. |
| 260 |
_aNew York, _bWiley _c[1968] |
||
| 300 |
_a405 p. _billus., maps. _c24 cm. |
||
| 650 | 0 | _aTechnical writing. | |
| 942 |
_2lcc _cBK _n0 |
||
| 999 |
_c8100 _d8100 |
||